000
00311nam a22001457a 4500
008
210526b ||||| |||| 00| 0 eng d
020
_a
9780072564549
041
_a
eng
080
_2
6th
_a
37
082
_a
37
100
_a
46
101
_a
EDU
245
_a
Learning to Teach
_c
Arends,R.I
942
_2
udc
_c
BK
999
_c
57625
_d
57625